000
00301nam a22001337a 4500
003
SGT
020
_a
92-4-154204-7
082
_a
615.19
_b
P08A
100
_a
W.H.O,AITBS
245
_a
BASIC FOR PHARMACEUTICAL SUBSTANCE
260
_a
NEW DELHI
_b
AITBS PUB
_c
2008
650
_a
AYURVEDA
942
_2
ddc
_c
BK
999
_c
14897
_d
14897